[Event "Glorney Cup IM Norm 2019"]
[Site "Dundalk IRL"]
[Date "2019.07.23"]
[Round "8.2"]
[White "Wiley, Tom E."]
[Black "McPhillips, Joseph"]
[Result "0-1"]
[WhiteTitle "FM"]
[BlackTitle "IM"]
[WhiteElo "2162"]
[BlackElo "2412"]
[WhiteNationality "ENG"]
[BlackNationality "ENG"]
[WhiteFideId "401765"]
[BlackFideId "422487"]
[PlyCount "66"]
[Venue "Carrickdale Hotel and Spa"]
[EventDate "2019.07.20"]
[EventType "tourn"]
[Source "Live boards"]

{ Event information: <a
href="http://www.irlchess.com/glorneynorm2019_allfiles/pairings_glorneynorm2019.html">Tournament
report</a>. }

1. d4 d5 2. c4 Nc6 3. Nc3 dxc4 4. d5 Ne5 5. f4 Nd7 6. e4 Nb6 7. a4 a5 8.
Be3 e6 9. Bxb6 cxb6 10. Bxc4 Nf6 11. d6 Bd7 12. e5 Rc8 13. Bb3 Bc6 14. Nf3
Nd7 15. O-O g6 16. Nd4 Nc5 17. Nxc6 bxc6 18. Bc4 Bg7 19. Qe2 O-O 20. Kh1
Kh8 21. Ne4 Nd7 22. Rad1 Qe8 23. Rf3 Rd8 24. Rh3 f6 25. exf6 Bxf6 26. Re3
Qf7 27. g3 Rfe8 28. b3 Nf8 29. Re1 Bd4 30. Ng5 Qf6 31. Bxe6 Bxe3 32. Nf7+
Kg7 33. Nxd8 Bc5 0-1

[Event "Glorney Cup IM Norm 2019"]
[Site "Dundalk IRL"]
[Date "2019.07.23"]
[Round "8.3"]
[White "Stefansson, Vignir Vatnar"]
[Black "Moran, Darragh"]
[Result "1-0"]
[WhiteTitle "FM"]
[WhiteElo "2293"]
[BlackElo "1880"]
[BlackICU "1828"]
[BlackClub "Gonzaga"]
[WhiteNationality "ISL"]
[BlackNationality "IRL"]
[WhiteFideId "2308649"]
[BlackFideId "2510294"]
[PlyCount "51"]
[Venue "Carrickdale Hotel and Spa"]
[EventDate "2019.07.20"]
[EventType "tourn"]
[Source "Live boards"]
[Annotator "Olafsson, Helgi"]
[WhiteFullName "Stef&aacute;nsson, Vignir Vatnar"]

{ Event information: <a
href="http://www.irlchess.com/glorneynorm2019_allfiles/pairings_glorneynorm2019.html">Tournament
report</a>. } { Annotator: Helgi &Oacute;lafsson, <a
href="https://skak.is/2019/08/03/vignir-vatnar-nadi-afanga-ad-althjodlegum-meistaratitli/">Vignir
Vatnar N&aacute;&eth;i &Aacute;fanga A&eth; Al&thorn;j&oacute;&eth;legum
Meistaratitli</a>, Sk&aacute;k.is, August 3, 2019 }

1. d4 d5 2. c4 c6 3. Nc3 Nf6 4. cxd5 cxd5 5. f3 $5 { "A popular opening for
younger players in Iceland. White can get 	 a dangerous initiative if Black
is not precise." 	 } 5... Nc6 6. e4 dxe4 7. d5 Ne5 8. fxe4 a6 9. Nf3 Nxf3+
10. Qxf3 e6 11. Bg5 Be7 12. O-O-O Qa5 13. Bc4 Nxd5 $1 { "Sharply done, but
Vignir finds a way to keep tension in the position 	 even though he is a
pawn down." 	 } 14. exd5 Bxg5+ 15. Kb1 O-O 16. Ne4 Bh6 17. g4 $1 { ""The
messenger of destruction."" 	 } 17... exd5 $2 ({ "One mistake leaves Black
in difficulties. Best was 		 } 17... Qc7 { threatening ... Qf4, when 		 }
18. g5 { can be answered by 		 } 18... Bxg5 19. Nxg5 Qxc4 { and it is
difficult to find a plan for White." 		 }) 18. Rxd5 Qc7 19. g5 $1 ({
"Suddenly Black is facing insurmountable difficulties. If now 		 } { ( }
19. g5 { ) } 19... Bxg5 { then 		 } 20. Rxg5 Qxc4 21. Rxg7+ Kxg7 22. Qf6+
Kg8 23. Rg1+ { and mates." 		 }) 19... Qxc4 20. gxh6 g6 21. Rc1 $1 Qxd5 ({
"There was no defense to be found, since on 		 } 21... Qb4 { comes 		 } 22.
Qf6 { etc." 		 }) 22. Nf6+ Kh8 23. Nxd5 Bf5+ 24. Ka1 Rac8 25. Rxc8 Rxc8 26.
Qe3 1-0

[Event "Glorney Cup IM Norm 2019"]
[Site "Dundalk IRL"]
[Date "2019.07.23"]
[Round "8.4"]
[White "Kanyamarala, Trisha"]
[Black "Kanyamarala, Tarun"]
[Result "1-0"]
[WhiteElo "2196"]
[BlackElo "2244"]
[WhiteICU "1990"]
[BlackICU "2110"]
[WhiteNationality "IRL"]
[BlackNationality "IRL"]
[WhiteFideId "45004722"]
[BlackFideId "45004714"]
[PlyCount "61"]
[Venue "Carrickdale Hotel and Spa"]
[EventDate "2019.07.20"]
[EventType "tourn"]
[Source "Live boards"]

{ Event information: <a
href="http://www.irlchess.com/glorneynorm2019_allfiles/pairings_glorneynorm2019.html">Tournament
report</a>. }

1. Nf3 Nf6 2. d4 e6 3. c4 Bb4+ 4. Bd2 Bxd2+ 5. Qxd2 b6 6. g3 Bb7 7. Bg2 O-O
8. Nc3 Ne4 9. Qc2 Nxc3 10. Ng5 Ne4 11. Nxe4 d5 12. Nc3 Nc6 13. cxd5 Nb4 14.
Qb3 Nxd5 15. O-O Rc8 16. Rfd1 a6 17. Rd2 Re8 18. e3 Qd7 19. Rc1 h6 20. Rdc2
Ba8 21. Nb1 a5 22. Nd2 f6 23. a3 a4 24. Qd3 Red8 25. Qa6 c5 26. dxc5 Bb7
27. Qd3 bxc5 28. Rxc5 Rxc5 29. Rxc5 f5 30. Qd4 Nf6 31. Bxb7 1-0

[Event "Glorney Cup IM Norm 2019"]
[Site "Dundalk IRL"]
[Date "2019.07.24"]
[Round "9.1"]
[White "O'Gorman, Tom"]
[Black "Wall, Gavin"]
[Result "1-0"]
[WhiteTitle "FM"]
[BlackTitle "IM"]
[WhiteElo "2227"]
[BlackElo "2311"]
[WhiteICU "2208"]
[BlackICU "2264"]
[WhiteClub "Dun Laoghaire"]
[BlackClub "Richmond ENG"]
[WhiteNationality "IRL"]
[BlackNationality "IRL"]
[WhiteFideId "2508249"]
[BlackFideId "2501244"]
[PlyCount "67"]
[Venue "Carrickdale Hotel and Spa"]
[EventDate "2019.07.20"]
[EventType "tourn"]
[Source "Live boards"]

{ Event information: <a
href="http://www.irlchess.com/glorneynorm2019_allfiles/pairings_glorneynorm2019.html">Tournament
report</a>. }

1. e4 e5 2. Nf3 d6 3. d4 Nf6 4. dxe5 Nxe4 5. Qd5 Nc5 6. Bg5 Be7 7. exd6
Qxd6 8. Nc3 c6 9. Qxd6 Bxd6 10. O-O-O Bc7 11. Bc4 Ne6 12. Rhe1 O-O 13. Be7
Re8 14. Bd6 Bxd6 15. Rxd6 Kf8 16. Ne4 Nd7 17. Bxe6 fxe6 18. Neg5 Nf6 19.
Nxe6+ Bxe6 20. Rdxe6 Rxe6 21. Rxe6 Rd8 22. c3 Kf7 23. Ng5+ Kg6 24. Ne4 Kf5
25. Rd6 Rg8 26. Nxf6 gxf6 27. g3 Rg7 28. Kd2 h5 29. Ke3 Rh7 30. Kf3 a6 31.
Rd8 Ke6 32. Kf4 h4 33. g4 h3 34. Rd3 1-0

[Event "Glorney Cup IM Norm 2019"]
[Site "Dundalk IRL"]
[Date "2019.07.24"]
[Round "9.2"]
[White "Kanyamarala, Tarun"]
[Black "O'Donnell, Conor"]
[Result "0-1"]
[BlackTitle "FM"]
[WhiteElo "2244"]
[BlackElo "2341"]
[WhiteICU "2110"]
[BlackICU "2298"]
[BlackClub "Gonzaga"]
[WhiteNationality "IRL"]
[BlackNationality "IRL"]
[WhiteFideId "45004714"]
[BlackFideId "2504243"]
[PlyCount "60"]
[Venue "Carrickdale Hotel and Spa"]
[EventDate "2019.07.20"]
[EventType "tourn"]
[Source "Live boards"]

{ Event information: <a
href="http://www.irlchess.com/glorneynorm2019_allfiles/pairings_glorneynorm2019.html">Tournament
report</a>. }

1. e4 e5 2. Nf3 Nc6 3. Bc4 Nf6 4. d3 Be7 5. O-O O-O 6. Re1 d6 7. a4 Kh8 8.
h3 Ng8 9. Nc3 f5 10. Nd5 Bf6 11. c3 Nce7 12. Nxf6 gxf6 13. exf5 Nxf5 14. d4
d5 15. Ba2 e4 16. Nh2 Nge7 17. f3 Nd6 18. fxe4 Nxe4 19. Ng4 Qd6 20. Qf3 Ng6
21. Bh6 Nh4 22. Qf4 Qxf4 23. Bxf4 c6 24. Bh6 Bxg4 25. Rxe4 dxe4 26. Bxf8
Rxf8 27. hxg4 Re8 28. Re1 f5 29. Bb1 Rg8 30. gxf5 $4 (30. Kf2 $17) 30...
Nf3+ 0-1

[Event "Glorney Cup IM Norm 2019"]
[Site "Dundalk IRL"]
[Date "2019.07.24"]
[Round "9.3"]
[White "Moran, Darragh"]
[Black "Kanyamarala, Trisha"]
[Result "1/2-1/2"]
[WhiteElo "1880"]
[BlackElo "2196"]
[WhiteICU "1828"]
[BlackICU "1990"]
[WhiteClub "Gonzaga"]
[WhiteNationality "IRL"]
[BlackNationality "IRL"]
[WhiteFideId "2510294"]
[BlackFideId "45004722"]
[PlyCount "73"]
[Venue "Carrickdale Hotel and Spa"]
[EventDate "2019.07.20"]
[EventType "tourn"]
[Source "Live boards"]

{ Event information: <a
href="http://www.irlchess.com/glorneynorm2019_allfiles/pairings_glorneynorm2019.html">Tournament
report</a>. }

1. d4 d5 2. c4 e6 3. Nf3 Nf6 4. Nc3 Bb4 5. Qb3 Nc6 6. Bg5 O-O 7. e3 dxc4 8.
Qxc4 Be7 9. Bd3 Nd7 10. Bxe7 Qxe7 11. O-O e5 12. Rac1 exd4 13. exd4 Nf6 14.
Rfe1 Qd8 15. Ne4 Bg4 16. Nxf6+ Qxf6 17. Ne5 Be6 18. Qa4 Rfd8 19. Nxc6 bxc6
20. Red1 Bd5 21. Bc4 Be4 22. f3 Bf5 23. Bb3 Rd6 24. Qa5 Rxd4 25. Qxc7 Bg6
26. Qxc6 Rxd1+ 27. Bxd1 Qd4+ 28. Kh1 Rd8 29. Bb3 Qxb2 30. Qc3 Qf2 31. Qc5
Qe2 32. Qxa7 h6 33. Qg1 Qb2 34. h3 Rd2 35. Rd1 Re2 36. Re1 Rd2 37. Rd1
1/2-1/2

[Event "Glorney Cup IM Norm 2019"]
[Site "Dundalk IRL"]
[Date "2019.07.24"]
[Round "9.4"]
[White "McPhillips, Joseph"]
[Black "Stefansson, Vignir Vatnar"]
[Result "1/2-1/2"]
[WhiteTitle "IM"]
[BlackTitle "FM"]
[WhiteElo "2412"]
[BlackElo "2293"]
[WhiteNationality "ENG"]
[BlackNationality "ISL"]
[WhiteFideId "422487"]
[BlackFideId "2308649"]
[PlyCount "157"]
[Venue "Carrickdale Hotel and Spa"]
[EventDate "2019.07.20"]
[EventType "tourn"]
[Source "Live boards"]
[BlackFullName "Stef&aacute;nsson, Vignir Vatnar"]

{ Event information: <a
href="http://www.irlchess.com/glorneynorm2019_allfiles/pairings_glorneynorm2019.html">Tournament
report</a>. }

1. e4 d5 2. exd5 Qxd5 3. Nc3 Qd6 4. d4 Nf6 5. Nf3 c6 6. Ne5 Nbd7 7. f4 Nb6
8. g4 g6 9. Bg2 Bg7 10. g5 Nfd5 11. Ne4 Qd8 12. c3 f6 13. Nd3 Nc4 14. Qe2
O-O 15. h4 Nd6 16. h5 gxh5 17. Ndf2 fxg5 18. Nxg5 Nf5 19. Rxh5 h6 20. Ne6
Ng3 21. Qd3 Bxe6 22. Qxg3 Kh8 23. f5 Nf6 24. Rh1 Bxf5 25. Bxh6 Bxh6 26.
Rxh6+ Bh7 27. O-O-O Rg8 28. Qh2 Qd6 29. Be4 Qxh2 30. Rxh2 Rg7 31. Rdh1 Kg8
32. Bxh7+ Rxh7 33. Rxh7 Nxh7 34. Ne4 Nf6 35. Nc5 b6 36. Nd3 Rc8 37. b4 Kf7
38. Kc2 Ke6 39. a4 Rg8 40. Re1+ Kd6 41. Re3 Rg4 42. Kb3 Nd5 43. Rh3 Nf4 44.
Nxf4 Rxf4 45. Rh8 Rf7 46. Rc8 e6 47. Kc4 Kd7 48. Ra8 Kd6 49. Rh8 Re7 50.
Rh6 Kc7 51. b5 cxb5+ 52. axb5 Kb7 53. Kd3 a6 54. bxa6+ Kxa6 55. Rh3 Kb5 56.
Re3 Ka5 57. Re5+ Ka6 58. Re3 Kb5 59. Re1 Re8 60. Rb1+ Kc6 61. Kc4 e5 62.
d5+ Kc7 63. Kd3 Rh8 64. Ke4 Rh3 65. Rb3 Rh5 66. Rb4 Rg5 67. Rc4+ Kd7 68.
Rc6 b5 69. Kd3 Rg3+ 70. Ke4 Rg5 71. Rc5 b4 72. c4 b3 73. Rc6 Rg4+ 74. Kd3
Rg3+ 75. Kd2 e4 76. Rb6 Rd3+ 77. Ke2 Rc3 78. Rc6 b2 79. Rb6 1/2-1/2

[Event "Glorney Cup IM Norm 2019"]
[Site "Dundalk IRL"]
[Date "2019.07.24"]
[Round "9.5"]
[White "Baker, Chris W."]
[Black "Wiley, Tom E."]
[Result "1/2-1/2"]
[WhiteTitle "IM"]
[BlackTitle "FM"]
[WhiteElo "2273"]
[BlackElo "2162"]
[WhiteNationality "ENG"]
[BlackNationality "ENG"]
[WhiteFideId "401676"]
[BlackFideId "401765"]
[PlyCount "35"]
[Venue "Carrickdale Hotel and Spa"]
[EventDate "2019.07.20"]
[EventType "tourn"]
[Source "Live boards"]

{ Event information: <a
href="http://www.irlchess.com/glorneynorm2019_allfiles/pairings_glorneynorm2019.html">Tournament
report</a>. }

1. e4 e6 2. Nf3 d5 3. Nc3 Nf6 4. e5 Nfd7 5. d4 c5 6. dxc5 Nc6 7. Bf4 Bxc5
8. Bd3 f6 9. exf6 Nxf6 10. O-O O-O 11. Ne5 Bd7 12. Qe2 Qe7 13. Rae1 Rae8
14. Kh1 a6 15. Bg5 Nxe5 16. Qxe5 Bd6 17. Qd4 Bc6 18. Qh4 1/2-1/2